000
00321nam a2200133 a 4500
008
021015s1983||||xx 0 und c
040
_a
SNK
_b
slo
_c
SNK
_e
AACR2
100
1
_a
Marx, Karel
245
1
0
_a
Manifest komunistické strany
260
_a
Bratislava
_c
1983
_b
Pravda
020
_c
9
041
_a
slo
044
_a
xo
_c
SK
999
_c
15481
_d
15481